000 00253nam a22001217a 4500
008 170210b xxu||||| |||| 00| 0 eng d
041 _aeng
080 _a61
100 _a4
101 _aSHM
245 _aTHE PATIENT HISTORY
_cTIERNEY
942 _2udc
_cBK
999 _c5162
_d5162